000 00853nam0a22002531 4500
001 rc\2780013
005 20250806205326.0
035 _a(NLR Aleph) 006906254
090 _a32292
_c32292
100 _a20110915d1942 u y0rusy50 ca
101 0 _arus
102 _aRU
105 _aa z |||||
200 1 _aВступайте в ряды доноров
_fИ. З. Саркисов, военврач 2-го ранга
210 _aПятигорск
_cОрджоникидзевск. краевое изд-во
_d1942
215 _a30, [2] с.
_cил.
_d15 см.
700 1 _aСаркисов
_bИ.З.
_gИван Захарович
801 0 _aRU
_bNLR
_gpsbo
801 1 _aRU
_bELAR
_2rusmarc
852 _aNLR
_jМд96 Г-2/163
942 _cBOOK
945 _aРоссийская национальная библиотека
980 _aNB
980 _aBV